| 000 -LEADER |
| fixed length control field |
01051nam a22002177a 4500 |
| 001 - CONTROL NUMBER |
| control field |
773 |
| 003 - CONTROL NUMBER IDENTIFIER |
| control field |
BD-DhUAP |
| 005 - DATE AND TIME OF LATEST TRANSACTION |
| control field |
20201125155745.0 |
| 008 - FIXED-LENGTH DATA ELEMENTS--GENERAL INFORMATION |
| fixed length control field |
201125s1997 bg ||||| |||| 00| 0 ben d |
| 020 ## - INTERNATIONAL STANDARD BOOK NUMBER |
| International Standard Book Number |
9840735586 |
| 040 ## - CATALOGING SOURCE |
| Original cataloging agency |
BD-DhUAP |
| Language of cataloging |
Ben |
| Transcribing agency |
BD-DhUAP |
| Modifying agency |
BD-DhUAP |
| 082 ## - DEWEY DECIMAL CLASSIFICATION NUMBER |
| Edition number |
23 |
| Classification number |
609.73 AME |
| 245 ## - TITLE STATEMENT |
| Title |
আমেরিকার প্রযুক্তি : |
| Remainder of title |
(বিভিন্ন ব্যক্তি এবং মতামতের ইতিহাস) / |
| Statement of responsibility, etc. |
ক্যারল ডব্লিউ পারসেল কর্তৃক সম্পাদিত ; মোঃ সাইফুল হাসিব কর্তৃক অনূদিত। |
| 260 ## - PUBLICATION, DISTRIBUTION, ETC. |
| Place of publication, distribution, etc. |
ঢাকা : |
| Name of publisher, distributor, etc. |
বাংলা একাডেমী, |
| Date of publication, distribution, etc. |
১৯৯৭। |
| 300 ## - PHYSICAL DESCRIPTION |
| Extent |
১৩৯ পৃষ্ঠা ; |
| Dimensions |
২২ সেমি.। |
| 650 ## - SUBJECT ADDED ENTRY--TOPICAL TERM |
| Topical term or geographic name entry element |
Technology |
| Geographic subdivision |
United States |
| Form subdivision |
History. |
| 650 ## - SUBJECT ADDED ENTRY--TOPICAL TERM |
| Topical term or geographic name entry element |
Technology. |
| 700 ## - ADDED ENTRY--PERSONAL NAME |
| Personal name |
পারসেল, ক্যারল ডব্লিউ। |
| 700 ## - ADDED ENTRY--PERSONAL NAME |
| Personal name |
হাসিব, মোঃ সাইফুল। |
| 942 ## - ADDED ENTRY ELEMENTS (KOHA) |
| Source of classification or shelving scheme |
|
| Koha item type |
Book |